[Event "BPB Limburg open B"]
[Site "Maastricht"]
[Date "2014.06.08"]
[Round "5"]
[White "Pijlman, Rene"]
[Black "Luig, Benjamin"]
[Result "0-1"]
[WhiteElo "1977"]
[BlackElo "1844"]
[PlyCount "70"]
[EventDate "2014.06.06"]
[EventType "swiss"]
[EventRounds "7"]
[EventCountry "NED"]
[Source "P.Boonen"]
[SourceDate "2014.10.10"]

1. e4 c6 2. d4 d5 3. e5 c5 4. c3 Nc6 5. Nf3 Bg4 6. Be2 e6 7. O-O cxd4 8. cxd4
Qb6 9. Nbd2 Nge7 10. Nb3 a5 11. Be3 Nf5 12. Qd3 Bxf3 13. Bxf3 a4 14. Nd2 Ncxd4
15. Bg4 Nxe3 16. Qxe3 Bc5 17. Qg5 O-O 18. Rac1 Rac8 19. Rc3 Qxb2 20. Rfc1 Be7
21. Qe3 Rxc3 22. Qxc3 Qxc3 23. Rxc3 Bb4 24. Rd3 Nc6 25. f4 Bxd2 26. Rxd2 Na5
27. Rb2 Rb8 28. Rb4 b5 29. Be2 Nc4 30. Kf1 Kf8 31. g3 Ke7 32. Ke1 Kd7 33. Kd1
Kc6 34. Kc2 Kc5 35. Rb1 Na3+ 0-1

[Event "BPB Limburg open B"]
[Site "Maastricht"]
[Date "2014.06.08"]
[Round "5"]
[White "Ramaekers, Philippe"]
[Black "Santiago, Gerardo"]
[Result "1/2-1/2"]
[WhiteElo "1893"]
[BlackElo "1851"]
[PlyCount "45"]
[EventDate "2014.06.06"]
[EventType "swiss"]
[EventRounds "7"]
[EventCountry "NED"]
[Source "P.Boonen"]
[SourceDate "2014.10.10"]

1. b3 e5 2. Bb2 Nc6 3. e3 d5 4. Bb5 f6 5. Ne2 Bd6 6. O-O a6 7. Bxc6+ bxc6 8. f4
Bg4 9. Qe1 Qd7 10. Nbc3 Nh6 11. h3 Be6 12. fxe5 Bxe5 13. Nf4 O-O 14. Na4 Bd6
15. Bd4 Qe7 16. Qf2 Bd7 17. Bb2 Nf7 18. Rae1 Ng5 19. d3 Rae8 20. h4 Nf7 21. h5
Ne5 22. Qh4 Ng4 23. Rf3 1/2-1/2

[Event "BPB Limburg open B"]
[Site "Maastricht"]
[Date "2014.06.08"]
[Round "5"]
[White "Rietveld, Leo"]
[Black "Mercan Cano, Oscar"]
[Result "1-0"]
[WhiteElo "2001"]
[BlackElo "1758"]
[PlyCount "71"]
[EventDate "2014.06.06"]
[EventType "swiss"]
[EventRounds "7"]
[EventCountry "NED"]
[Source "P.Boonen"]
[SourceDate "2014.10.10"]

1. d4 Nf6 2. Nc3 d5 3. e4 e6 4. Bg5 Bb4 5. exd5 exd5 6. Qe2+ Be6 7. Bxf6 Bxc3+
8. bxc3 Qxf6 9. Qb5+ Nd7 10. Qxb7 O-O 11. Qxc7 Qg6 12. Rc1 Nb6 13. Qg3 Qh6 14.
f4 Bf5 15. Bd3 Rfe8+ 16. Kf2 Be4 17. Ne2 Rac8 18. Rhe1 Rc6 19. Qg5 Rg6 20. Qxh6
Rxg2+ 21. Kf1 gxh6 22. Bxe4 Rxh2 23. Bg2 Nc4 24. Kg1 Rh5 25. Ng3 Rxe1+ 26. Rxe1
Rh4 27. Bxd5 Nb6 28. Bb3 Rxf4 29. Rf1 Rg4 30. Bxf7+ Kg7 31. Kh2 Na4 32. Be6
Rh4+ 33. Kg2 Kg6 34. Bf7+ Kg5 35. Rf5+ Kg4 36. Bh5+ 1-0

[Event "BPB Limburg open B"]
[Site "Maastricht"]
[Date "2014.06.08"]
[Round "5"]
[White "Roefe, Detlef"]
[Black "Vandenbroucke, Tim"]
[Result "0-1"]
[WhiteElo "1958"]
[BlackElo "1878"]
[PlyCount "21"]
[EventDate "2014.06.06"]
[EventType "swiss"]
[EventRounds "7"]
[EventCountry "NED"]
[Source "P.Boonen"]
[SourceDate "2014.10.10"]

1. c4 e5 2. d3 Nc6 3. e3 g6 4. Nf3 Bg7 5. Nbd2 d6 6. a3 Nge7 7. Be2 h6 8. O-O
Be6 9. Qc2 Qd7 10. Rb1 O-O 11. Rd1 {.....} 0-1

[Event "BPB Limburg open B"]
[Site "Maastricht"]
[Date "2014.06.08"]
[Round "5"]
[White "Rosenbrand, Stefan"]
[Black "Van den Berg, Jaap"]
[Result "0-1"]
[WhiteElo "1706"]
[BlackElo "1879"]
[PlyCount "34"]
[EventDate "2014.06.06"]
[EventType "swiss"]
[EventRounds "7"]
[EventCountry "NED"]
[Source "P.Boonen"]
[SourceDate "2014.10.10"]

1. c4 f5 2. g3 g6 3. Bg2 Bg7 4. Nc3 Nf6 5. d3 d6 6. e4 fxe4 7. dxe4 e5 8. Nge2
c6 9. b3 O-O 10. Ba3 Ne8 11. Qd2 Bg4 12. Rd1 Na6 13. Bxd6 Nxd6 14. Qxd6 Qb6 15.
O-O Rad8 16. c5 Nxc5 17. Qe7 Bf6 0-1

[Event "BPB Limburg open B"]
[Site "Maastricht"]
[Date "2014.06.08"]
[Round "5"]
[White "Rutten, David"]
[Black "Broekhuizen, Pieter"]
[Result "1/2-1/2"]
[WhiteElo "1853"]
[BlackElo "1837"]
[PlyCount "39"]
[EventDate "2014.06.06"]
[EventType "swiss"]
[EventRounds "7"]
[EventCountry "NED"]
[Source "P.Boonen"]
[SourceDate "2014.10.10"]

1. e4 d6 2. d4 Nf6 3. Nc3 c6 4. Nf3 Bg4 5. Be2 e6 6. Be3 Be7 7. Qd2 O-O 8. O-O
d5 9. e5 Nfd7 10. Nd1 c5 11. c3 Nc6 12. h3 Bxf3 13. Bxf3 cxd4 14. cxd4 Rc8 15.
Nc3 Nb6 16. b3 Bb4 17. Rfc1 Ba3 18. Rd1 Bb4 19. Rdc1 Ba3 20. Rd1 1/2-1/2

[Event "BPB Limburg open B"]
[Site "Maastricht"]
[Date "2014.06.08"]
[Round "5"]
[White "Schleipfenbauer, Bent"]
[Black "Sterckx, Pieter"]
[Result "1-0"]
[WhiteElo "1953"]
[BlackElo "1853"]
[PlyCount "131"]
[EventDate "2014.06.06"]
[EventType "swiss"]
[EventRounds "7"]
[EventCountry "NED"]
[Source "P.Boonen"]
[SourceDate "2014.10.10"]

1. c4 Nf6 2. Nc3 d5 3. cxd5 Nxd5 4. g3 e5 5. Bg2 c6 6. d3 Be6 7. Nf3 f6 8. O-O
Nd7 9. Ne1 Bc5 10. Nc2 O-O 11. e4 Nb4 12. Be3 a5 13. Qe2 b5 14. Rfd1 Qb6 15. d4
exd4 16. Nxd4 Bc4 17. Qd2 Ne5 18. b3 Bd3 19. a3 Bxd4 20. Bxd4 Qxd4 21. Ne2 Qb6
22. axb4 axb4 23. Rxa8 Rxa8 24. Nf4 Rd8 25. Qxb4 c5 26. Qa3 c4 27. Qe7 Qd6 28.
Qxd6 Rxd6 29. bxc4 bxc4 30. Bf1 Kf7 31. Nxd3 Nxd3 32. Bxd3 cxd3 33. f3 Ke6 34.
Kf2 f5 35. Ke3 fxe4 36. fxe4 h5 37. Rxd3 Ra6 38. Kf4 g6 39. h4 Ra4 40. Rb3 Ra6
41. Rb5 Ra4 42. Rb6+ Kf7 43. Kg5 Rxe4 44. Rf6+ Ke7 45. Rxg6 Re5+ 46. Kh6 Kf7
47. Rg5 Re8 48. Kxh5 Rh8+ 49. Kg4 Kf6 50. Rf5+ Kg6 51. h5+ Kh6 52. Rf6+ Kh7 53.
Kh4 Kg7 54. Rg6+ Kh7 55. g4 Ra8 56. Rf6 Ra4 57. Kg5 Ra5+ 58. Rf5 Ra6 59. Rb5
Rc6 60. Rb7+ Kh8 61. Rf7 Rc8 62. Rf6 Rg8+ 63. Kh4 Ra8 64. h6 Ra5 65. g5 Ra4+
66. Kh5 {.....} 1-0

[Event "BPB Limburg open B"]
[Site "Maastricht"]
[Date "2014.06.08"]
[Round "5"]
[White "Schubert, Karl"]
[Black "Alvarez Carbajales, Fermin"]
[Result "0-1"]
[WhiteElo "1925"]
[BlackElo "1952"]
[PlyCount "60"]
[EventDate "2014.06.06"]
[EventType "swiss"]
[EventRounds "7"]
[EventCountry "NED"]
[Source "P.Boonen"]
[SourceDate "2014.10.10"]

1. e4 g6 2. d4 Bg7 3. Nc3 d6 4. h3 a6 5. a4 Nd7 6. Nf3 b6 7. Be3 Bb7 8. Be2 e6
9. O-O Ne7 10. Qd2 Nf6 11. Bd3 c5 12. Qe2 O-O 13. dxc5 bxc5 14. e5 Nfd5 15.
Nxd5 exd5 16. c3 dxe5 17. Rfd1 Qc7 18. Bc2 Rfe8 19. Rac1 e4 20. Nh2 Nf5 21. Nf1
Qe7 22. Qe1 Rad8 23. a5 d4 24. cxd4 cxd4 25. Bd2 Nh4 26. Ba4 Nxg2 27. Kxg2 e3+
28. f3 Bxf3+ 29. Kxf3 Qe4+ 30. Ke2 d3# 0-1

[Event "BPB Limburg open B"]
[Site "Maastricht"]
[Date "2014.06.08"]
[Round "5"]
[White "Seip, Rien"]
[Black "Dalemans, Diana"]
[Result "1/2-1/2"]
[WhiteElo "2005"]
[BlackElo "1965"]
[PlyCount "59"]
[EventDate "2014.06.06"]
[EventType "swiss"]
[EventRounds "7"]
[EventCountry "NED"]
[Source "P.Boonen"]
[SourceDate "2014.10.10"]

1. d4 d5 2. c4 e6 3. Nf3 Nf6 4. Nc3 c6 5. e3 Nbd7 6. Bd3 dxc4 7. Bxc4 b5 8. Bd3
a6 9. e4 c5 10. d5 c4 11. Bc2 Qc7 12. dxe6 fxe6 13. Nd4 Nc5 14. O-O Be7 15. Re1
e5 16. Nf3 Bg4 17. Nd5 Qd8 18. h3 Bxf3 19. Qxf3 O-O 20. Qg3 Nxd5 21. exd5 Bh4
22. Qxe5 Bxf2+ 23. Kh2 Bxe1 24. d6 Bf2 25. Bg5 Qd7 26. Be7 Qe6 27. Qxe6+ Nxe6
28. Be4 Nc5 29. Bd5+ Kh8 30. Rf1 1/2-1/2

[Event "BPB Limburg open B"]
[Site "Maastricht"]
[Date "2014.06.08"]
[Round "5"]
[White "Senders, Justin"]
[Black "Boschmans, Johan"]
[Result "1-0"]
[WhiteElo "1957"]
[BlackElo "1878"]
[PlyCount "63"]
[EventDate "2014.06.06"]
[EventType "swiss"]
[EventRounds "7"]
[EventCountry "NED"]
[Source "P.Boonen"]
[SourceDate "2014.10.10"]

1. e4 c6 2. d4 d5 3. Nc3 dxe4 4. Nxe4 Bf5 5. Ng3 Bg6 6. h4 h6 7. Nf3 Nd7 8. h5
Bh7 9. Bd3 Bxd3 10. Qxd3 e6 11. Bd2 Ngf6 12. O-O-O Qc7 13. Kb1 O-O-O 14. Ne4
Nxe4 15. Qxe4 Nf6 16. Qe2 Bd6 17. c4 c5 18. Bc3 Qc6 19. Rh4 Rhf8 20. d5 exd5
21. Bxf6 Rde8 22. Qd3 gxf6 23. cxd5 Qd7 24. Nd2 f5 25. Nc4 Be7 26. Rf4 Rg8 27.
Rxf5 Rxg2 28. Rxf7 Qa4 29. b3 Qd7 30. d6 Qe6 31. d7+ Qxd7 32. Qxd7+ 1-0

[Event "BPB Limburg open B"]
[Site "Maastricht"]
[Date "2014.06.08"]
[Round "5"]
[White "Singh, Marcel"]
[Black "Mitran, Anthony Cris"]
[Result "1-0"]
[WhiteElo "1903"]
[BlackElo "1593"]
[PlyCount "59"]
[EventDate "2014.06.06"]
[EventType "swiss"]
[EventRounds "7"]
[EventCountry "NED"]
[Source "P.Boonen"]
[SourceDate "2014.10.10"]

1. e4 e6 2. d4 d5 3. Nd2 c5 4. exd5 exd5 5. Bb5+ Bd7 6. Qe2+ Qe7 7. Bxd7+ Nxd7
8. dxc5 Qxe2+ 9. Nxe2 Bxc5 10. Nc3 Ngf6 11. Nb3 Bb6 12. Bf4 Rc8 13. O-O-O Bxf2
14. Rhf1 Bb6 15. Rfe1+ Kf8 16. Nxd5 Nxd5 17. Rxd5 Nf6 18. Bd6+ Kg8 19. Rde5 h5
20. Re7 Nd5 21. Rxb7 Be3+ 22. Kb1 Rd8 23. Bc5 Bxc5 24. Nxc5 Ne3 25. Nd3 Nxg2
26. Ree7 Kh7 27. Rxf7 Rhg8 28. Rxa7 Rdf8 29. a4 Ne3 30. a5 1-0

[Event "BPB Limburg open B"]
[Site "Maastricht"]
[Date "2014.06.08"]
[Round "5"]
[White "Sinke, Wim"]
[Black "Westerweele, Henrik"]
[Result "0-1"]
[WhiteElo "1874"]
[BlackElo "1960"]
[PlyCount "68"]
[EventDate "2014.06.06"]
[EventType "swiss"]
[EventRounds "7"]
[EventCountry "NED"]
[Source "P.Boonen"]
[SourceDate "2014.10.10"]

1. e4 e6 2. d4 d5 3. Nd2 Nf6 4. e5 Nfd7 5. Bd3 c5 6. c3 Nc6 7. Ne2 cxd4 8. cxd4
f6 9. Nf4 Nxd4 10. Qh5+ Ke7 11. Ng6+ hxg6 12. exf6+ Nxf6 13. Qxh8 Kf7 14. O-O
e5 15. Nb3 Nc6 16. Bg5 Bf5 17. Be2 Qd6 18. Be3 d4 19. Rfd1 Rd8 20. Qh4 Be7 21.
Bg5 Be6 22. Rac1 Bd5 23. Bc4 Qe6 24. Nd2 Bxc4 25. Nxc4 d3 26. Qg3 e4 27. Qc7
Rd7 28. Qf4 Nd4 29. Ne5+ Kg8 30. Rc8+ Rd8 31. Rxd8+ Bxd8 32. Qe3 Qxe5 33. Rxd3
Bb6 34. Bf4 Qxf4 0-1

[Event "BPB Limburg open B"]
[Site "Maastricht"]
[Date "2014.06.08"]
[Round "5"]
[White "Staudte, Rainer"]
[Black "Willockx, Ritsaart"]
[Result "1/2-1/2"]
[WhiteElo "1915"]
[BlackElo "1952"]
[PlyCount "97"]
[EventDate "2014.06.06"]
[EventType "swiss"]
[EventRounds "7"]
[EventCountry "NED"]
[Source "P.Boonen"]
[SourceDate "2014.10.10"]

1. d4 d5 2. c4 c6 3. Nf3 Nf6 4. Nc3 dxc4 5. a4 Bf5 6. Ne5 Nbd7 7. Nxc4 Qc7 8.
g3 e5 9. dxe5 Nxe5 10. Bf4 Nfd7 11. Nxe5 Nxe5 12. Bg2 Rd8 13. Qc1 Bd6 14. O-O
O-O 15. Ne4 Bxe4 16. Bxe4 Ng6 17. Bxd6 Rxd6 18. Qc2 Rfd8 19. Rad1 Nf8 20. Rxd6
Qxd6 21. Rc1 Qb4 22. Bd3 h6 23. b3 Ne6 24. Qc3 Qxc3 25. Rxc3 Kf8 26. Kf1 Ke7
27. e3 Nc7 28. Ke2 Nd5 29. Rc4 Rd6 30. e4 Nc7 31. Ke3 f6 32. Rd4 Ne6 33. Rxd6
Kxd6 34. Bc4 Nc5 35. f4 Nd7 36. Kd4 c5+ 37. Kc3 Nb6 38. Bg8 Nc8 39. Bd5 b6 40.
Kc4 Ne7 41. Ba8 Nc6 42. Bxc6 Kxc6 43. b4 cxb4 44. Kxb4 a6 45. Kc4 Kd6 46. Kb4
g5 47. Kc4 gxf4 48. gxf4 Ke6 49. h4 1/2-1/2

[Event "BPB Limburg open B"]
[Site "Maastricht"]
[Date "2014.06.08"]
[Round "5"]
[White "Taverniers, Peter"]
[Black "Gendarme, Pierre"]
[Result "1-0"]
[WhiteElo "1686"]
[BlackElo "1844"]
[PlyCount "63"]
[EventDate "2014.06.06"]
[EventType "swiss"]
[EventRounds "7"]
[EventCountry "NED"]
[Source "P.Boonen"]
[SourceDate "2014.10.10"]

1. c4 e5 2. Nc3 Nf6 3. g3 d5 4. cxd5 Nxd5 5. Bg2 Nb6 6. d3 Be7 7. Nf3 Nc6 8.
O-O O-O 9. Nd2 Be6 10. b3 f5 11. Nc4 Bf6 12. Ba3 Re8 13. Rc1 Nd5 14. Nxd5 Bxd5
15. Bb2 Bxg2 16. Kxg2 Qd5+ 17. Kg1 Rad8 18. Ne3 Qe6 19. Qc2 f4 20. Ng2 Qg4 21.
gxf4 Rd4 22. Bxd4 Nxd4 23. f3 Qh3 24. Qc4+ Kh8 25. Rfe1 Qh5 26. Qxc7 exf4 27.
Qd7 Nc6 28. Nxf4 Qg5+ 29. Qg4 Qxg4+ 30. fxg4 Bd4+ 31. Kg2 Be3 32. Rc4 1-0

[Event "BPB Limburg open B"]
[Site "Maastricht"]
[Date "2014.06.08"]
[Round "5"]
[White "Tutenel, Erik"]
[Black "Hermes, Geoff R"]
[Result "1/2-1/2"]
[WhiteElo "1863"]
[BlackElo "1937"]
[PlyCount "34"]
[EventDate "2014.06.06"]
[EventType "swiss"]
[EventRounds "7"]
[EventCountry "NED"]
[Source "P.Boonen"]
[SourceDate "2014.10.10"]

1. e4 d6 2. d4 Nf6 3. Nc3 c6 4. Be3 Qb6 5. Qd2 Qxb2 6. Rb1 Qa3 7. h3 e6 8. Nf3
Be7 9. Bd3 O-O 10. g4 g6 11. g5 Nh5 12. e5 d5 13. Nh4 Bb4 14. Rb3 Qa5 15. a3
Bxc3 16. Rxc3 b5 17. O-O Bb7 1/2-1/2

[Event "BPB Limburg open B"]
[Site "Maastricht"]
[Date "2014.06.08"]
[Round "5"]
[White "Ucaroglu Melih, Furkan"]
[Black "Gunther, Marcella"]
[Result "0-1"]
[WhiteElo "1738"]
[BlackElo "1922"]
[PlyCount "100"]
[EventDate "2014.06.06"]
[EventType "swiss"]
[EventRounds "7"]
[EventCountry "NED"]
[Source "P.Boonen"]
[SourceDate "2014.10.10"]

1. e4 c5 2. Nf3 d6 3. d4 cxd4 4. Nxd4 Nf6 5. Nc3 a6 6. Bg5 e6 7. Be2 Be7 8. f4
Qc7 9. Qd2 Nbd7 10. Bf3 Rb8 11. O-O-O b5 12. Rhe1 h6 13. Bh4 b4 14. Nce2 Nxe4
15. Bxe4 Bxh4 16. g3 Be7 17. Nc6 Rb6 18. Ned4 Nf6 19. Nxe7 Qxe7 20. Bf3 O-O 21.
g4 Qc7 22. g5 hxg5 23. fxg5 Ne8 24. h4 e5 25. Nb3 Be6 26. h5 a5 27. Kb1 a4 28.
Nc1 b3 29. cxb3 axb3 30. Nxb3 Qc4 31. Qe3 Rb4 32. Rc1 Bf5+ 33. Ka1 Qa6 34. Nd2
Be6 35. a3 Rd4 36. Be2 Qb7 37. Bc4 Nc7 38. Bxe6 Nxe6 39. Rc4 Rb8 40. b4 Rxc4
41. Nxc4 Qa6 42. Na5 Nd4 43. Rc1 Rc8 44. Rxc8+ Qxc8 45. Qd2 Qh3 46. Kb2 Qxh5
47. Nc4 Qf3 48. Qc3 Qe2+ 49. Kb1 Nb5 50. Qc2 Qxc4 0-1

[Event "BPB Limburg open B"]
[Site "Maastricht"]
[Date "2014.06.08"]
[Round "5"]
[White "Uckerman, John"]
[Black "Moog, Gerhard"]
[Result "0-1"]
[WhiteElo "1708"]
[BlackElo "1898"]
[PlyCount "102"]
[EventDate "2014.06.06"]
[EventType "swiss"]
[EventRounds "7"]
[EventCountry "NED"]
[Source "P.Boonen"]
[SourceDate "2014.10.10"]

1. e4 c5 2. Nf3 d6 3. d4 cxd4 4. Nxd4 Nf6 5. Nc3 g6 6. h3 Bg7 7. Bc4 e6 8. O-O
a6 9. Bb3 O-O 10. Be3 b5 11. f3 Re8 12. Qd2 Bb7 13. Rad1 Qd7 14. Nde2 Rd8 15.
Bb6 Nc6 16. Bxd8 Rxd8 17. Qe3 Ne8 18. Rd2 Qc7 19. f4 Ne7 20. a3 Nc6 21. Rfd1
Na5 22. Rd3 Rc8 23. Kh1 Qc6 24. Nd4 Qc5 25. Nde2 Qc6 26. Ba2 Kh8 27. Qf2 Nc4
28. Bxc4 bxc4 29. R3d2 f5 30. Nd4 Qd7 31. exf5 gxf5 32. Re2 Nc7 33. Rde1 Re8
34. Rd1 Rf8 35. Qe1 e5 36. fxe5 dxe5 37. Ndb5 Qc6 38. Nd6 Ba8 39. Qh4 Rf6 40.
Nxc4 Rf8 41. Ne3 f4 42. Ned5 f3 43. gxf3 Rxf3 44. Qg4 Rf7 45. Kh2 Ne6 46. Qh4
e4 47. Qxe4 Qd6+ 48. Kg1 Qc5+ 49. Qe3 Nd4 50. Rf2 Bxd5 51. Rxf7 Bxf7 0-1

[Event "BPB Limburg open B"]
[Site "Maastricht"]
[Date "2014.06.08"]
[Round "5"]
[White "Van Ginneken, Jeroen"]
[Black "Bauchmueller, Franz Josef"]
[Result "1-0"]
[WhiteElo "1753"]
[BlackElo "1789"]
[PlyCount "85"]
[EventDate "2014.06.06"]
[EventType "swiss"]
[EventRounds "7"]
[EventCountry "NED"]
[Source "P.Boonen"]
[SourceDate "2014.10.10"]

1. e4 e5 2. Nf3 Nc6 3. d4 exd4 4. Nxd4 Bc5 5. Be3 Qf6 6. c3 Nge7 7. Bc4 Ne5 8.
Bb3 d6 9. O-O c6 10. Qh5 h6 11. h3 Qg6 12. Qxg6 N5xg6 13. f4 O-O 14. f5 Ne5 15.
Nd2 Nd7 16. g4 Kh7 17. g5 Bxd4 18. cxd4 hxg5 19. Bxg5 f6 20. Bf4 d5 21. Bd6 Re8
22. Rae1 Ng8 23. exd5 Rxe1 24. Rxe1 cxd5 25. Bxd5 Nh6 26. Be6 Nb6 27. Rf1 Bd7
28. Bc5 Bxe6 29. fxe6 Nd5 30. Nc4 b6 31. Ba3 b5 32. b3 b4 33. Bc1 Ng8 34. Ne3
Rd8 35. Rf5 Nge7 36. Rxd5 Nxd5 37. Nxd5 Re8 38. Nc7 Re7 39. Bf4 g5 40. Bd6 Rxc7
41. Bxc7 Kg8 42. d5 Kf8 43. d6 1-0

[Event "BPB Limburg open B"]
[Site "Maastricht"]
[Date "2014.06.08"]
[Round "5"]
[White "Van Hoorn, Geert"]
[Black "Schloemer, Armin"]
[Result "1-0"]
[WhiteElo "1695"]
[BlackElo "1880"]
[PlyCount "43"]
[EventDate "2014.06.06"]
[EventType "swiss"]
[EventRounds "7"]
[EventCountry "NED"]
[Source "P.Boonen"]
[SourceDate "2014.10.10"]

1. e4 c5 2. Nc3 e6 3. f4 d6 4. Nf3 Nd7 5. Bb5 Qc7 6. O-O a6 7. Bxd7+ Bxd7 8. d4
cxd4 9. Qxd4 d5 10. Be3 dxe4 11. Nxe4 Rc8 12. Rfd1 f5 13. Nd6+ Bxd6 14. Qxd6
Qxd6 15. Rxd6 Ke7 16. Rad1 Nf6 17. Ne5 Bb5 18. Rb6 Rc7 19. c4 Bd7 20. Rdd6 Bc6
21. Bc5 Be8 22. Rd7# 1-0

[Event "BPB Limburg open B"]
[Site "Maastricht"]
[Date "2014.06.08"]
[Round "5"]
[White "Van Wiele, Kurt"]
[Black "Meyer, Stefan"]
[Result "1-0"]
[WhiteElo "1880"]
[BlackElo "1747"]
[PlyCount "89"]
[EventDate "2014.06.06"]
[EventType "swiss"]
[EventRounds "7"]
[EventCountry "NED"]
[Source "P.Boonen"]
[SourceDate "2014.10.10"]

1. e4 Nf6 2. Nc3 e5 3. g3 Bc5 4. Bg2 a6 5. Nf3 d6 6. h3 O-O 7. O-O Nc6 8. d3
Nh5 9. Kh2 Nf6 10. Bg5 h6 11. Be3 Bxe3 12. fxe3 Nd7 13. Nh4 Nf6 14. Qd2 Bd7 15.
Rf2 Nh7 16. Raf1 Ne7 17. Nf5 Nxf5 18. exf5 Rb8 19. e4 f6 20. h4 Bc6 21. d4 exd4
22. Qxd4 Re8 23. Ne2 Qe7 24. Nf4 Qe5 25. Qc4+ d5 26. Nxd5 Bxd5 27. Qxd5+ Qxd5
28. exd5 Nf8 29. Rd2 Nd7 30. c4 Ne5 31. Rf4 b6 32. b3 a5 33. d6 cxd6 34. Rxd6
b5 35. c5 Rec8 36. Rb6 Nd3 37. Rg4 Nxc5 38. Rxf6 Kh7 39. Rf7 Rg8 40. f6 Rbf8
41. Rgxg7+ Rxg7 42. Rxf8 Rc7 43. Bh3 h5 44. Bf5+ Kh6 45. Rh8+ 1-0

[Event "BPB Limburg open B"]
[Site "Maastricht"]
[Date "2014.06.08"]
[Round "5"]
[White "Van Zwet, Matthias"]
[Black "Rache, Ralf"]
[Result "1/2-1/2"]
[WhiteElo "1806"]
[BlackElo "1832"]
[PlyCount "35"]
[EventDate "2014.06.06"]
[EventType "swiss"]
[EventRounds "7"]
[EventCountry "NED"]
[Source "P.Boonen"]
[SourceDate "2014.10.10"]

1. d4 Nf6 2. c4 g6 3. Nc3 d5 4. cxd5 Nxd5 5. Qb3 Nb6 6. Nf3 Bg7 7. Bf4 c6 8. e3
O-O 9. Be2 Be6 10. Qc2 N8d7 11. Rd1 Nd5 12. Bg3 Qa5 13. Qa4 Qxa4 14. Nxa4 N7b6
15. Nxb6 Nxb6 16. b3 Nd5 17. Ng5 Bd7 18. Rc1 1/2-1/2

[Event "BPB Limburg open B"]
[Site "Maastricht"]
[Date "2014.06.08"]
[Round "5"]
[White "Van de Griend, Johan"]
[Black "Blijlevens, Pim"]
[Result "1-0"]
[WhiteElo "1963"]
[BlackElo "1934"]
[PlyCount "45"]
[EventDate "2014.06.06"]
[EventType "swiss"]
[EventRounds "7"]
[EventCountry "NED"]
[Source "P.Boonen"]
[SourceDate "2014.10.10"]

1. e4 e6 2. d4 d5 3. Nc3 Bb4 4. Bd3 c5 5. exd5 Qxd5 6. dxc5 Qxg2 7. Qf3 Qxf3 8.
Nxf3 Bxc3+ 9. bxc3 Bd7 10. Rg1 g6 11. Bf4 f6 12. Bd6 e5 13. Nxe5 Nc6 14. Nxd7
Kxd7 15. O-O-O Re8 16. Bc4 Kc8 17. Rge1 Rxe1 18. Rxe1 Nh6 19. Be6+ Kd8 20. Rd1
Ke8 21. Bc8 Na5 22. Bc7 Kf7 23. Rd7+ 1-0

[Event "BPB Limburg open B"]
[Site "Maastricht"]
[Date "2014.06.08"]
[Round "5"]
[White "Van de Pavoordt, Max"]
[Black "Arns, Danny"]
[Result "1/2-1/2"]
[WhiteElo "1839"]
[BlackElo "1781"]
[PlyCount "41"]
[EventDate "2014.06.06"]
[EventType "swiss"]
[EventRounds "7"]
[EventCountry "NED"]
[Source "P.Boonen"]
[SourceDate "2014.10.10"]

1. e4 e6 2. d4 d5 3. Nc3 Bb4 4. e5 c5 5. a3 Bxc3+ 6. bxc3 Qc7 7. Qg4 Ne7 8.
Qxg7 Rg8 9. Qxh7 cxd4 10. Ne2 Nbc6 11. f4 dxc3 12. h4 b6 13. h5 Ba6 14. h6 Kf8
15. Rg1 Ng6 16. g4 Bxe2 17. Kxe2 Ncxe5 18. fxe5 Qxe5+ 19. Kf2 Qf6+ 20. Ke2 Qe5+
21. Kf2 1/2-1/2

[Event "BPB Limburg open B"]
[Site "Maastricht"]
[Date "2014.06.08"]
[Round "5"]
[White "Veelenturf, Wim"]
[Black "Klein, Gernot"]
[Result "0-1"]
[WhiteElo "1741"]
[BlackElo "1925"]
[PlyCount "42"]
[EventDate "2014.06.06"]
[EventType "swiss"]
[EventRounds "7"]
[EventCountry "NED"]
[Source "P.Boonen"]
[SourceDate "2014.10.10"]

1. e4 c5 2. f4 e6 3. Nf3 d5 4. exd5 exd5 5. d4 Nc6 6. Bb5 Bd7 7. O-O Bd6 8.
Qe1+ Nge7 9. Ne5 O-O 10. Nxd7 Qxd7 11. dxc5 Bxc5+ 12. Kh1 a6 13. Bd3 Nb4 14.
Nd2 Nxd3 15. cxd3 Rfe8 16. Nb3 Nf5 17. Qc3 Bb6 18. Re1 Rxe1+ 19. Qxe1 Re8 20.
Qd1 Qe6 21. Bd2 Ng3+ 0-1

[Event "BPB Limburg open B"]
[Site "Maastricht"]
[Date "2014.06.08"]
[Round "5"]
[White "Verheij, Albert"]
[Black "Van 't Hoff, Kees"]
[Result "0-1"]
[WhiteElo "1850"]
[BlackElo "1793"]
[PlyCount "56"]
[EventDate "2014.06.06"]
[EventType "swiss"]
[EventRounds "7"]
[EventCountry "NED"]
[Source "P.Boonen"]
[SourceDate "2014.10.10"]

1. e4 d5 2. exd5 Qxd5 3. Nc3 Qa5 4. d4 Nf6 5. Nf3 Bf5 6. Ne5 c6 7. Bc4 e6 8.
Bd2 Qb6 9. Qe2 Nbd7 10. O-O-O Nxe5 11. dxe5 Nd5 12. g4 Bg6 13. Ne4 O-O-O 14.
Ng3 Bc5 15. Rhf1 Bd4 16. c3 Bxc3 17. Bg5 Rd7 18. Bxd5 cxd5 19. bxc3 Rc7 20. Qb2
Qa6 21. Be3 Kb8 22. f4 Bd3 23. Rf3 Bc4 24. Kb1 g6 25. Nf1 Be2 26. Rd4 Bxf3 27.
Nd2 Bxg4 28. Qb3 Qb6 0-1

[Event "BPB Limburg open B"]
[Site "Maastricht"]
[Date "2014.06.08"]
[Round "5"]
[White "Verhoef, Pieter"]
[Black "Bieberle, Gerhart"]
[Result "0-1"]
[WhiteElo "1893"]
[BlackElo "1923"]
[PlyCount "68"]
[EventDate "2014.06.06"]
[EventType "swiss"]
[EventRounds "7"]
[EventCountry "NED"]
[Source "P.Boonen"]
[SourceDate "2014.10.10"]

1. e4 c5 2. Nc3 Nc6 3. f4 g6 4. Nf3 Bg7 5. Bb5 a6 6. Bxc6 bxc6 7. O-O Nf6 8. d3
O-O 9. Qe1 Rb8 10. Rb1 e6 11. Be3 d6 12. Qh4 Nd7 13. Qf2 f5 14. d4 cxd4 15.
Nxd4 Bxd4 16. Bxd4 c5 17. Be3 Nf6 18. e5 Ng4 19. Qe2 Nxe3 20. Qxe3 Rb4 21. Rfd1
d5 22. a3 Rb7 23. Qxc5 g5 24. Ne2 Rc7 25. Qe3 gxf4 26. Qd2 Rc6 27. Nxf4 Qc7 28.
Nh5 Qxe5 29. Qh6 f4 30. c3 Rf5 31. g4 Qe3+ 32. Kf1 Qf3+ 33. Kg1 Qxg4+ 34. Kf2
Qh4+ 0-1

[Event "BPB Limburg open B"]
[Site "Maastricht"]
[Date "2014.06.08"]
[Round "5"]
[White "Verhoef, Ruud"]
[Black "Freer, Glenn"]
[Result "1/2-1/2"]
[WhiteElo "1919"]
[BlackElo "1824"]
[PlyCount "72"]
[EventDate "2014.06.06"]
[EventType "swiss"]
[EventRounds "7"]
[EventCountry "NED"]
[Source "P.Boonen"]
[SourceDate "2014.10.10"]

1. e4 d6 2. d4 Nf6 3. Nc3 g6 4. Nf3 Bg7 5. h3 c6 6. a4 a5 7. Be3 Na6 8. Bc4 Nb4
9. Bb3 Qc7 10. e5 Nfd5 11. Nxd5 Nxd5 12. exd6 Qxd6 13. Bd2 O-O 14. c3 Nf4 15.
Bxf4 Qxf4 16. Qd2 Qf6 17. Qe3 Qd6 18. O-O e6 19. Ne5 Qc7 20. Nc4 b5 21. axb5
cxb5 22. Ne5 Bxe5 23. dxe5 Rd8 24. Rfd1 Bb7 25. Rxd8+ Rxd8 26. Rd1 a4 27. Rxd8+
Qxd8 28. Bc2 Qd5 29. f3 Qa2 30. Qc1 Kg7 31. Kh1 Qc4 32. Qd2 Qa2 33. Qc1 Qc4 34.
Qg5 Qe2 35. Qf6+ Kg8 36. Qd8+ Kg7 1/2-1/2